|
|
|
|
| LEADER |
01776nam a2200481 a 4500 |
| 001 |
nkc20152690719 |
| 003 |
CZ PrNK |
| 005 |
20150504163714.0 |
| 007 |
ta |
| 008 |
150401s2014 xr g e 001 0 cze |
| 015 |
|
|
|a cnb002690719
|
| 020 |
|
|
|a 978-80-210-7566-5
|q (brož.)
|
| 035 |
|
|
|a (OCoLC)910988499
|
| 040 |
|
|
|a BOA001
|b cze
|
| 041 |
0 |
|
|a cze
|b eng
|
| 072 |
|
7 |
|a 781
|x Hudební teorie
|2 Konspekt
|9 9
|
| 080 |
|
|
|a 78.02
|2 MRF
|
| 080 |
|
|
|a 78.082/.086
|2 MRF
|
| 080 |
|
|
|a (049)
|2 MRF
|
| 100 |
1 |
|
|a Košut, Michal,
|d 1954-
|7 jn19990209395
|4 aut
|
| 245 |
1 |
0 |
|a Hudební forma jako princip myšlení /
|c Michal Košut
|
| 250 |
|
|
|a 1. vyd.
|
| 260 |
|
|
|a Brno :
|b Masarykova univerzita,
|c 2014
|
| 300 |
|
|
|a 79 s. :
|b noty ;
|c 21 cm
|
| 490 |
1 |
|
|a Spisy Pedagogické fakulty Masarykovy univerzity ;
|v č. sv. 170
|
| 500 |
|
|
|a Nad názvem: Masarykova univerzita, Pedagogická fakulta, katedra hudební výchovy
|
| 500 |
|
|
|a 50 výt.
|
| 504 |
|
|
|a Obsahuje bibliografii, bibliografické odkazy a rejstříky
|
| 546 |
|
|
|a Anglické resumé
|
| 650 |
0 |
7 |
|a hudební kompozice
|7 ph120912
|2 czenas
|
| 650 |
0 |
7 |
|a hudební formy
|7 ph120902
|2 czenas
|
| 650 |
0 |
9 |
|a composition (music)
|2 eczenas
|
| 650 |
0 |
9 |
|a musical forms
|2 eczenas
|
| 655 |
|
7 |
|a pojednání
|7 fd133056
|2 czenas
|
| 655 |
|
9 |
|a essays
|2 eczenas
|
| 710 |
2 |
|
|a Masarykova univerzita.
|b Katedra hudební výchovy
|7 kn20010709038
|
| 810 |
2 |
|
|a Masarykova univerzita.
|b Pedagogická fakulta.
|t Spisy
|0 s
|
| 910 |
2 |
|
|a BOA001
|b 2-1344.402
|
| 990 |
|
|
|a BK
|
| 995 |
|
|
|a 01
|
| 991 |
|
|
|b 201504
|c NOV
|e n
|
| 996 |
6 |
|
|b 2610628760
|c 2-1344.402
|l MZK
|r Sklad / do 1 hodiny
|n 2
|p p.v.
|w 001499445
|u 000010
|a 1
|e BOA001
|j MZK50
|s P
|
| 996 |
7 |
|
|b 2610628761
|c 2-1344.402
|l MZK
|r Sklad / do 1 hodiny
|n 1
|p p.v.
|w 001499445
|u 000020
|a 1
|e BOA001
|j MZK50
|s A
|